000 00524nam a2200181Ia 4500
008 240925s9999 xx 000 0 und d
020 _a817808984x
082 _a005.1LEV
100 _aLevitin , Anany
245 0 _aIntroduction to the Design & Analysis of Algorithms
250 _aNA
260 _aIndiana:
_bPearson Education
_c,2004.
300 _axiii,737p.
_bNA
_fPhotocopy
500 _aIncludes Index
600 _aEngineering Technology
650 _aComputer science, information & general works
942 _cBK
999 _c9869
_d9869